[Event "Mitropa Cup Open 2019"]
[Site "Radenci"]
[Date "2019.06.02"]
[Round "7.19"]
[White "Janzelj, Tim"]
[Black "Mesaros, Florian"]
[Result "1-0"]
[WhiteElo "2384"]
[BlackElo "2439"]
[Annotator "ChessBase"]
[PlyCount "91"]
[EventDate "2019.05.27"]
[EventType "team-tourn"]
[EventCountry "SLO"]
[SourceTitle "playchess.com"]
[Source "ChessBase"]
[SourceQuality "1"]
[WhiteTeam "SLO"]
[BlackTeam "AUT"]
[BlackTeamCountry "AUT"]
[TimeControl "40/5400+30:1800+30"]

1. Nf3 {[%emt 0:00:00]} d5 {[%emt 0:00:00]} 2. c4 {[%emt 0:00:00]} dxc4 {[%emt 0:00:00]} 3. Na3 {[%emt 0:00:14]} g6 {[%emt 0:00:01]} 4. g3 {[%emt 0:01:08]} Bg7 {[%emt 0:00:07]} 5. Bg2 {[%emt 0:00:11]} e5 {[%emt 0:00:30]} 6. Qc2 {[%emt 0:01:29]} Bf5 {[%emt 0:08:05]} 7. e4 {[%emt 0:06:44]} Bg4 {[%emt 0:01:50]} 8. Nxc4 {[%emt 0:02:00]} Nc6 {[%emt 0:00:29]} 9. O-O {[%emt 0:01:01]} Nge7 {[%emt 0:03:04]} 10. b3 {[%emt 0:01:29]} Bxf3 {[%emt 0:07:10]} 11. Bxf3 {[%emt 0:00:03]} Nd4 {[%emt 0:00:13]} 12. Qd1 {[%emt 0:00:50]} O-O {[%emt 0:00:45]} 13. Bg2 {[%emt 0:00:44]} Qd7 {[%emt 0:07:40]} 14. Bb2 {[%emt 0:01:18]} Rad8 {[%emt 0:05:22]} 15. Rc1 {[%emt 0:07:58]} Nec6 {[%emt 0:00:47]} 16. Ne3 {[%emt 0:01:48]} Ne6 {[%emt 0:16:14]} 17. Nd5 {[%emt 0:14:12]} Ncd4 {[%emt 0:00:21]} 18. f4 {[%emt 0:14:12]} c6 {[%emt 0:05:27]} 19. fxe5 {[%emt 0:03:00]} cxd5 {[%emt 0:03:27]} 20. exd5 {[%emt 0:00:02]} Bxe5 {[%emt 0:01:05]} 21. dxe6 {[%emt 0:00:28]} Qxe6 {[%emt 0:01:11]} 22. Re1 {[%emt 0:06:44]} Rfe8 {[%emt 0:04:45]} 23. Kh1 {[%emt 0:00:56]} h5 {[%emt 0:05:13]} 24. Rc5 {[%emt 0:08:25]} Qf6 {[%emt 0:06:26]} 25. Re4 {[%emt 0:09:07]} Nc6 {[%emt 0:03:56]} 26. Qe1 {[%emt 0:02:47]} Bxb2 {[%emt 0:10:15]} 27. Rxe8+ {[%emt 0:00:09]} Rxe8 {[%emt 0:00:03]} 28. Qxe8+ {[%emt 0:00:07]} Kg7 {[%emt 0:00:04]} 29. Qe1 {[%emt 0:00:38]} Ne5 {[%emt 0:00:50]} 30. Qf1 {[%emt 0:01:55]} Qb6 {[%emt 0:00:18]} 31. Rb5 {[%emt 0:01:21]} Qe6 {[%emt 0:04:43]} 32. Rxb7 {[%emt 0:04:14]} Ng4 {[%emt 0:01:55]} 33. Rb4 {[%emt 0:07:23]} Be5 {[%emt 0:01:25]} 34. Bf3 {[%emt 0:01:40]} Qd6 {[%emt 0:01:39]} 35. Re4 {[%emt 0:00:28]} f5 {[%emt 0:01:18]} 36. Re2 {[%emt 0:00:28]} Bd4 {[%emt 0:00:43]} 37. Bxg4 {[%emt 0:01:36]} hxg4 {[%emt 0:00:02]} 38. Qg2 {[%emt 0:00:12]} Qa6 {[%emt 0:01:02]} 39. Re1 {[%emt 0:01:43]} Qxa2 {[%emt 0:00:23]} 40. Qb7+ {[%emt 0:00:00]} Kh6 {[%emt 0:00:00]} 41. Qb4 {[%emt 0:00:40]} Bf6 {[%emt 0:05:33]} 42. Qf4+ {[%emt 0:07:10]} Bg5 {[%emt 0:09:32]} 43. Qd4 {[%emt 0:05:11]} Kh5 {[%emt 0:01:43]} 44. Re8 {[%emt 0:01:18]} Qxb3 {[%emt 0:04:19]} 45. Rh8+ {[%emt 0:00:11]} Bh6 {[%emt 0:00:04]} 46. Rxh6+ {[%emt 0:00:09]} 1-0

[Event "Mitropa Cup Open 2019"]
[Site "Radenci"]
[Date "2019.06.02"]
[Round "7.20"]
[White "Horvath, Dominik"]
[Black "Subelj, Jan"]
[Result "1-0"]
[WhiteElo "2406"]
[BlackElo "2407"]
[Annotator "ChessBase"]
[PlyCount "63"]
[EventDate "2019.05.27"]
[EventType "team-tourn"]
[EventCountry "SLO"]
[SourceTitle "playchess.com"]
[Source "ChessBase"]
[SourceQuality "1"]
[WhiteTeam "Austria"]
[BlackTeam "Slovenia"]
[WhiteTeamCountry "AUT"]
[BlackTeamCountry "SLO"]
[TimeControl "40/5400+30:1800+30"]

1. d4 {[%emt 0:00:00]} Nf6 {[%emt 0:00:11]} 2. c4 {[%emt 0:00:00]} e6 {[%emt 0:00:21]} 3. g3 {[%emt 0:00:00]} d5 {[%emt 0:00:06]} 4. Bg2 {[%emt 0:00:00]} dxc4 {[%emt 0:01:11]} 5. Nf3 {[%emt 0:00:05]} Bb4+ {[%emt 0:05:37]} 6. Bd2 {[%emt 0:00:48]} a5 {[%emt 0:00:13]} 7. a3 {[%emt 0:02:21]} Bxd2+ {[%emt 0:01:41]} 8. Nbxd2 {[%emt 0:06:35]} b5 {[%emt 0:02:45]} 9. b3 {[%emt 0:00:17]} cxb3 {[%emt 0:07:08]} 10. Qxb3 {[%emt 0:00:13]} c6 {[%emt 0:06:59]} 11. O-O {[%emt 0:01:41]} O-O {[%emt 0:00:28]} 12. Rfc1 {[%emt 0:07:38]} Bb7 {[%emt 0:09:03]} 13. Qb2 {[%emt 0:00:18]} Nbd7 {[%emt 0:01:42]} 14. Ne1 {[%emt 0:08:09]} Qb6 {[%emt 0:05:23]} 15. Nd3 {[%emt 0:00:37]} Rac8 {[%emt 0:06:05]} 16. Nb3 {[%emt 0:02:05]} a4 {[%emt 0:02:20]} 17. Nbc5 {[%emt 0:02:35]} Nxc5 {[%emt 0:01:07]} 18. Nxc5 {[%emt 0:02:07]} Rfd8 {[%emt 0:00:54]} 19. e3 {[%emt 0:02:03]} Qa7 {[%emt 0:00:07]} 20. Rc2 {[%emt 0:05:37]} Ba8 {[%emt 0:01:37]} 21. Rac1 {[%emt 0:01:23]} Nd5 {[%emt 0:08:32]} 22. Nd3 {[%emt 0:07:11]} Rc7 {[%emt 0:03:06]} 23. Rc5 {[%emt 0:07:25]} Rb8 {[%emt 0:07:45]} 24. Bxd5 {[%emt 0:08:21]} exd5 {[%emt 0:00:07]} 25. Nb4 {[%emt 0:00:04]} h5 {[%emt 0:06:12]} 26. Nxd5 {[%emt 0:01:34]} Rcc8 {[%emt 0:00:08]} 27. Nb4 {[%emt 0:04:44]} h4 {[%emt 0:00:07]} 28. d5 {[%emt 0:01:31]} h3 {[%emt 0:01:29]} 29. dxc6 {[%emt 0:00:18]} Qe7 {[%emt 0:00:06]} 30. Qd4 {[%emt 0:02:18]} Qe6 {[%emt 0:03:05]} 31. c7 {[%emt 0:00:56]} Rb6 {[%emt 0:00:19]} 32. Qd8+ {[%emt 0:00:05]} 1-0

[Event "Mitropa Cup Open 2019"]
[Site "Radenci"]
[Date "2019.06.03"]
[Round "8.1"]
[White "Mihok, Oliver"]
[Black "Dragnev, Valentin"]
[Result "1/2-1/2"]
[WhiteElo "2541"]
[BlackElo "2521"]
[Annotator "TA"]
[PlyCount "60"]
[EventDate "2019.05.27"]
[EventType "team-tourn"]
[EventCountry "SLO"]
[SourceTitle "playchess.com"]
[Source "ChessBase"]
[SourceQuality "1"]
[WhiteTeam "Hungary"]
[BlackTeam "Austria"]
[WhiteTeamCountry "HUN"]
[BlackTeamCountry "AUT"]

{[%evp 23,60,23,12,4,16,16,29,27,17,16,25,0,0,0,-2,-3,0,0,0,0,0,0,7,0,8,5,8,7,7,0,12,12,12,8,8,8,8,1,1]} 1. e4 e5 2. Nf3 Nc6 3. Bb5 a6 4. Ba4 Nf6 5. O-O Nxe4 6. d4 b5 7. Bb3 d5 8. dxe5 Be6 9. Be3 Be7 10. c3 O-O 11. Nbd2 Bg4 12. Nxe4 dxe4 13. Qd5 {C83: Open Ruy Lopez: 9 c3 Be7} exf3 (13... Qxd5 14. Bxd5 exf3 15. Bxc6 fxg2 16. Rfc1 Rab8 17. a4 b4 18. cxb4 Rxb4 19. Bxg2 c5 20. Bxc5 Bxc5 21. Rxc5 Rxb2 {½-½ (37) Karjakin,S (2773)-Anand,V (2768) Saint Louis 2018}) 14. Qxc6 fxg2 15. Qxg2 {White has an edge.} Qd7 16. Bh6 gxh6 17. e6 fxe6 {[#] ...Kh8 is the strong threat.The position is equal.} 18. Rad1 $146 ({Predecessor:} 18. Qxg4+ Kh8 19. Qxe6 Qxe6 20. Bxe6 Bc5 21. Rae1 Rae8 22. Re2 Re7 23. Rd1 Rg7+ 24. Kf1 Bd6 25. h3 Bh2 26. Red2 Re8 27. Bg4 Bd6 {½-½ (27) Michel,P-Najdorf,M Mar del Plata 1941}) 18... Bd6 19. Qxg4+ Qg7 20. Bxe6+ Kh8 {Threatens to win with ...Qxg4+.} 21. Qxg7+ Kxg7 22. Bd5 Rae8 (22... Rad8 {is more complex.} 23. Kh1 Bc5 24. b4 Bd6 25. Bb7 Rb8) 23. Rfe1 Rxe1+ 24. Rxe1 $11 {[%mdl 4096] Endgame KRB-KRB} Rf5 25. Bg2 a5 26. h3 Re5 27. Rxe5 Bxe5 28. Kf1 b4 29. cxb4 axb4 30. b3 h5 1/2-1/2

[Event "Mitropa Cup Open 2019"]
[Site "Radenci"]
[Date "2019.06.03"]
[Round "8.2"]
[White "Blohberger, Felix"]
[Black "Kozak, Adam"]
[Result "1/2-1/2"]
[WhiteElo "2475"]
[BlackElo "2458"]
[Annotator "ChessBase"]
[PlyCount "91"]
[EventDate "2019.05.27"]
[EventType "team-tourn"]
[EventCountry "SLO"]
[SourceTitle "playchess.com"]
[Source "ChessBase"]
[SourceQuality "1"]
[WhiteTeam "Austria"]
[BlackTeam "Hungary"]
[WhiteTeamCountry "AUT"]
[BlackTeamCountry "HUN"]
[TimeControl "40/5400+30:1800+30"]

1. e4 {[%emt 0:00:00]} e5 {[%emt 0:00:00]} 2. Nf3 {[%emt 0:00:00]} Nc6 {[%emt 0:00:00]} 3. Bb5 {[%emt 0:00:00]} Nf6 {[%emt 0:00:02]} 4. O-O {[%emt 0:00:59]} Nxe4 {[%emt 0:00:14]} 5. Re1 {[%emt 0:00:09]} Nd6 {[%emt 0:00:33]} 6. Nxe5 {[%emt 0:00:25]} Be7 {[%emt 0:00:53]} 7. Bf1 {[%emt 0:00:05]} Nxe5 {[%emt 0:01:19]} 8. Rxe5 {[%emt 0:00:04]} O-O {[%emt 0:00:09]} 9. Nc3 {[%emt 0:00:03]} Ne8 {[%emt 0:00:56]} 10. Nd5 {[%emt 0:00:06]} Bd6 {[%emt 0:00:11]} 11. Re1 {[%emt 0:00:05]} c6 {[%emt 0:00:07]} 12. Ne3 {[%emt 0:00:03]} Bc7 {[%emt 0:00:28]} 13. Nf5 {[%emt 0:00:15]} d5 {[%emt 0:00:07]} 14. Ne7+ {[%emt 0:00:03]} Kh8 {[%emt 0:00:02]} 15. Nxc8 {[%emt 0:00:05]} Rxc8 {[%emt 0:00:18]} 16. Qf3 {[%emt 0:00:50]} Qd7 {[%emt 0:04:50]} 17. d3 {[%emt 0:10:10]} Nd6 {[%emt 0:12:40]} 18. Bd2 {[%emt 0:03:28]} Rfe8 {[%emt 0:05:39]} 19. g3 {[%emt 0:01:25]} Rcd8 {[%emt 0:10:16]} 20. h4 {[%emt 0:09:30]} Kg8 {[%emt 0:05:28]} 21. h5 {[%emt 0:06:18]} h6 {[%emt 0:06:08]} 22. a4 {[%emt 0:03:38]} Ne4 {[%emt 0:22:34]} 23. dxe4 {[%emt 0:12:10]} dxe4 {[%emt 0:00:07]} 24. Rxe4 {[%emt 0:00:38]} Rxe4 {[%emt 0:01:12]} 25. Qxe4 {[%emt 0:00:18]} Qxd2 {[%emt 0:00:06]} 26. Bd3 {[%emt 0:07:45]} Bb6 {[%emt 0:01:57]} 27. Qf3 {[%emt 0:08:49]} Rd6 {[%emt 0:18:21]} 28. a5 {[%emt 0:22:51]} Rf6 {[%emt 0:01:49]} 29. axb6 {[%emt 0:00:21]} Rxf3 {[%emt 0:00:04]} 30. bxa7 {[%emt 0:00:05]} Qxf2+ {[%emt 0:00:16]} 31. Kh1 {[%emt 0:00:07]} Rxd3 {[%emt 0:04:32]} 32. a8=Q+ {[%emt 0:00:18]} Kh7 {[%emt 0:00:03]} 33. cxd3 {[%emt 0:00:16]} Qf3+ {[%emt 0:00:41]} 34. Kg1 {[%emt 0:02:33]} Qxg3+ {[%emt 0:00:57]} 35. Kf1 {[%emt 0:00:08]} Qf3+ {[%emt 0:00:30]} 36. Ke1 {[%emt 0:00:30]} Qe3+ {[%emt 0:00:04]} 37. Kd1 {[%emt 0:00:05]} Qxd3+ {[%emt 0:00:05]} 38. Kc1 {[%emt 0:00:05]} Qc4+ {[%emt 0:01:07]} 39. Kb1 {[%emt 0:00:23]} Qd3+ {[%emt 0:01:08]} 40. Ka2 {[%emt 0:00:00]} Qc4+ {[%emt 0:00:00]} 41. Ka3 {[%emt 0:04:20]} Qc5+ {[%emt 0:01:56]} 42. Ka2 {[%emt 0:00:17]} Qc4+ {[%emt 0:00:42]} 43. Kb1 {[%emt 0:00:49]} Qd3+ {[%emt 0:00:32]} 44. Kc1 {[%emt 0:00:12]} Qc4+ {[%emt 0:00:34]} 45. Kb1 {[%emt 0:01:14]} Qd3+ {[%emt 0:00:10]} 46. Ka2 {[%emt 0:00:29]} 1/2-1/2

[Event "Mitropa Cup Open 2019"]
[Site "Radenci"]
[Date "2019.06.03"]
[Round "8.3"]
[White "Csonka, Balazs"]
[Black "Mesaros, Florian"]
[Result "1-0"]
[WhiteElo "2466"]
[BlackElo "2439"]
[Annotator "ChessBase"]
[PlyCount "51"]
[EventDate "2019.05.27"]
[EventType "team-tourn"]
[EventCountry "SLO"]
[SourceTitle "playchess.com"]
[Source "ChessBase"]
[SourceQuality "1"]
[WhiteTeam "HUN"]
[BlackTeam "AUT"]
[BlackTeamCountry "AUT"]
[TimeControl "40/5400+30:1800+30"]

1. e4 {[%emt 0:00:00]} c5 {[%emt 0:00:01]} 2. Nf3 {[%emt 0:00:00]} d6 {[%emt 0:00:06]} 3. Bb5+ {[%emt 0:00:35]} Nd7 {[%emt 0:00:56]} 4. O-O {[%emt 0:00:47]} Ngf6 {[%emt 0:01:53]} 5. Re1 {[%emt 0:00:21]} a6 {[%emt 0:01:01]} 6. Bf1 {[%emt 0:04:42]} b5 {[%emt 0:08:15]} 7. a4 {[%emt 0:18:03]} Bb7 {[%emt 0:09:19]} 8. axb5 {[%emt 0:04:57]} axb5 {[%emt 0:00:31]} 9. Rxa8 {[%emt 0:00:06]} Qxa8 {[%emt 0:00:52]} 10. Bxb5 {[%emt 0:17:52]} Bxe4 {[%emt 0:03:32]} 11. Nc3 {[%emt 0:00:16]} Bxf3 {[%emt 0:04:31]} 12. Qxf3 {[%emt 0:01:51]} Qxf3 {[%emt 0:00:22]} 13. gxf3 {[%emt 0:00:03]} e6 {[%emt 0:16:28]} 14. d3 {[%emt 0:04:12]} h6 {[%emt 0:09:00]} 15. Bd2 {[%emt 0:11:58]} Kd8 {[%emt 0:18:07]} 16. Ra1 {[%emt 0:02:40]} Kc8 {[%emt 0:01:35]} 17. Ra7 {[%emt 0:07:32]} Ne5 {[%emt 0:02:43]} 18. Ba6+ {[%emt 0:00:38]} Kd8 {[%emt 0:00:05]} 19. Kg2 {[%emt 0:04:00]} g5 {[%emt 0:03:06]} 20. Ne4 {[%emt 0:04:08]} Nfd7 {[%emt 0:00:17]} 21. Ba5+ {[%emt 0:05:12]} Ke7 {[%emt 0:00:02]} 22. Bc7 {[%emt 0:00:11]} f5 {[%emt 0:01:00]} 23. Bxd6+ {[%emt 0:00:14]} Ke8 {[%emt 0:00:02]} 24. Nf6+ {[%emt 0:00:29]} Nxf6 {[%emt 0:00:18]} 25. Bxe5 {[%emt 0:00:04]} Be7 {[%emt 0:00:16]} 26. Ra8+ {[%emt 0:00:07]} 1-0

[Event "Mitropa Cup Open 2019"]
[Site "Radenci"]
[Date "2019.06.03"]
[Round "8.4"]
[White "Horvath, Dominik"]
[Black "Csiki, Endre"]
[Result "1/2-1/2"]
[WhiteElo "2406"]
[BlackElo "2362"]
[Annotator "TA"]
[PlyCount "134"]
[EventDate "2019.05.27"]
[EventType "team-tourn"]
[EventCountry "SLO"]
[SourceTitle "playchess.com"]
[Source "ChessBase"]
[SourceQuality "1"]
[WhiteTeam "Austria"]
[BlackTeam "Hungary"]
[WhiteTeamCountry "AUT"]
[BlackTeamCountry "HUN"]

{[%evp 9,134,14,16,10,19,4,29,22,25,29,22,31,20,36,20,18,58,35,22,-14,76,81,82,62,76,62,111,111,87,55,50,34,35,51,129,50,47,52,92,0,41,0,71,72,173,179,166,179,167,166,178,177,216,166,211,220,840,833,831,105,79,87,400,374,695,38,60,0,30,27,19,0,0,0,0,0,0,0,0,0,0,0,19,0,0,0,0,0,0,0,0,0,0,0,0,0,0,0,0,0,0,0,0,0,0,0,0,0,0,0,0,0,0,0,0,0,0,0,0,0,0,0,0,0,0,0,0]} 1. c4 e5 2. Nc3 Bb4 3. g3 Bxc3 4. bxc3 d6 5. Bg2 Ne7 6. d3 {A21: English Opening: 1...e5 2 Nc3} O-O 7. Rb1 c6 $146 ({Predecessor:} 7... Nd7 8. Nf3 Rb8 9. e4 f5 10. exf5 Nf6 11. Ng5 Bxf5 12. O-O Qd7 13. Re1 h6 {0-1 (42) Ljubojevic,L (2605)-Shirov,A (2670) Moscow 1993}) 8. e4 {White has an edge.} b6 9. Nf3 f5 10. exf5 Bxf5 11. Nh4 Be6 12. f4 d5 13. Qe2 $36 {[%mdl 2048] White is more active.} dxc4 14. d4 Nf5 (14... Nd5 $11 15. Bd2 (15. Qxe5 Re8 $17) 15... Qe8 16. dxe5 g5 17. fxg5 Nd7) 15. Nf3 $1 $16 (15. Qxe5 Re8 $15) 15... e4 16. Ne5 Nd6 17. Ba3 Bd5 18. Bxd6 Qxd6 19. Bxe4 b5 20. Qf3 Bxe4 21. Qxe4 Qa3 ({Better is} 21... a6 $1 $14) 22. Qc2 (22. O-O $1 $16) 22... Qd6 23. Qg2 Qa3 24. Qc2 (24. O-O $16) 24... Qd6 $14 25. Qg2 Qa3 $1 26. Qf3 Qxa2 (26... a6 $16 {keeps fighting.}) 27. O-O $18 Qa3 28. Rxb5 cxb5 29. Qxa8 {Strongly threatening Qd5+.} Rd8 30. Rf3 $1 Qa6 31. f5 b4 32. Qe4 $1 bxc3 $2 {[#]} (32... Qf6 33. Qb7 (33. cxb4 Qd6 $18) 33... Qf8) 33. f6 $1 {[%cal Rf6f7]} c2 34. Qxc2 $2 (34. f7+ $18 Kf8 35. Qxc2) 34... gxf6 $16 35. Ng4 Nd7 $2 {[%mdl 8192] [#]} (35... Rf8 $16) 36. Qe4 $1 $18 {Black must now prevent Nh6+.} c3 $2 (36... Qb6 37. Nh6+ Kf8) 37. Qe7 $2 (37. Nh6+ $18 Kf8 38. Qxh7) 37... Rf8 $1 $14 {Hoping for ...c2.} 38. Nh6+ (38. Qxd7 $5 {[%cal Rg4h6]} c2 39. Qc7 $16 (39. Qd5+ $2 Kg7 $19)) 38... Kh8 39. Nf5 {[%csl Gf5][%cal Re7g7]} ({Reject} 39. Qxd7 c2 $17) 39... Rg8 {...c2 is the strong threat.} 40. Qxd7 {The position is equal.} c2 41. Qc7 Qc8 42. Rc3 Qxf5 43. Rxc2 $11 {[%mdl 4096] Endgame KQR-KQR} Qe4 44. Qc3 Qd5 45. Rf2 Rd8 46. Rf4 a5 47. Qe3 a4 48. Qe7 Qd6 49. Qf7 {Intending Rh4! and mate.} Rf8 50. Qa7 {Threatening mate with Rh4!} Qc6 51. Qe7 {[%cal Re7f8]} (51. Qc5 {with more complications.} Rc8 52. Rxf6 Qxc5 53. dxc5 Rxc5 54. Ra6) 51... Re8 52. Qxf6+ Qxf6 53. Rxf6 {KR-KR} Rd8 54. Rf4 a3 55. Rf3 Ra8 {aiming for ...a2.} 56. Rf1 a2 57. Ra1 Kg7 58. Kf2 Ra3 59. Ke2 Kf6 60. Kd2 Ke6 61. Kc2 Kd5 62. Kb2 {[%mdl 64] Double Attack} Ra8 (62... Ra6 {is more complex.} 63. Kb3 Ra7 64. Rxa2 Rxa2 65. Kxa2 Kxd4 66. Kb3 h5) 63. Rxa2 Rxa2+ 64. Kxa2 Kxd4 65. Kb3 Ke4 66. Kc3 Kf3 67. Kd3 Kg2 {Accuracy: White = 58%, Black = 51%.} 1/2-1/2

[Event "Mitropa Cup Open 2019"]
[Site "Radenci"]
[Date "2019.06.03"]
[Round "8.5"]
[White "Perske, Thore"]
[Black "Sebenik, Matej"]
[Result "1-0"]
[WhiteElo "2456"]
[BlackElo "2522"]
[Annotator "TA"]
[PlyCount "121"]
[EventDate "2019.05.27"]
[EventType "team-tourn"]
[EventCountry "SLO"]
[SourceTitle "playchess.com"]
[Source "ChessBase"]
[SourceQuality "1"]
[WhiteTeam "Germany"]
[BlackTeam "Slovenia"]
[WhiteTeamCountry "GER"]
[BlackTeamCountry "SLO"]

{[%evp 9,121,0,9,0,19,16,32,20,18,24,10,22,22,2,37,35,18,3,21,0,14,2,12,-16,16,4,48,77,61,47,54,54,59,70,64,63,91,93,95,84,87,84,145,136,138,134,104,102,103,94,106,113,113,106,113,113,114,114,113,113,113,113,101,0,211,146,244,228,212,224,393,403,392,399,382,392,330,254,258,249,464,242,275,285,339,348,339,349,344,328,349,333,314,264,304,335,427,413,419,398,408,391,665,643,663,644,1449,1429,1163,1064,1002,965,2001,1841]} 1. e4 c6 2. d4 d5 3. e5 c5 4. dxc5 e6 5. a3 Bxc5 (5... Nc6 6. Nf3 Bxc5 7. b4 Bb6 8. b5 Nb8 9. Bb2 a6 10. a4 Nh6 11. Be2 axb5 12. axb5 Rxa1 13. Bxa1 {1-0 (40) Grischuk,A (2771)-Navara,D (2739) Shamkir 2019}) 6. b4 {B12: Caro-Kann: Advance Variation} Bb6 7. Qg4 Ne7 8. Bd3 {White is slightly better.} Ng6 9. Nf3 Nc6 10. Bb2 h5 $146 ({Predecessor:} 10... Nce7 11. Nc3 Nf5 12. Ne2 h5 {1-0 (43) Bosiocic,M (2623)-Grishchenko,S (2446) Hamedan 2017}) 11. Qg3 h4 12. Qg4 Nce7 13. Qg5 a5 (13... Bd7 {is more complex.} 14. O-O Nf5 15. Qd2 h3 16. g3 a6) 14. b5 Nf5 15. Qxd8+ Bxd8 16. Nc3 Rh5 17. O-O-O Nf4 (17... Nfe7 {seems wilder.} 18. g4 Rh8 19. Na4 Nf4 20. Bf1 b6) 18. g4 $1 $36 {[%cal Rg4h5][%mdl 2048] White is in control.} hxg3 19. hxg3 Nxd3+ 20. cxd3 Rxh1 21. Rxh1 Nh6 22. a4 Be7 23. Nd1 Bd7 24. Bd4 Rc8+ 25. Kb2 Bc5 (25... Bb4 $142) 26. Bxc5 $16 Rxc5 27. Ne3 Ke7 28. Nd4 Rc8 29. g4 f6 30. exf6+ Kxf6 31. f4 {Black must now prevent g5+.} Ke7 32. g5 Nf7 33. Rh7 Rg8 34. Ng4 Kd6 35. Nf3 $1 Be8 36. Nd4 ({White should try} 36. Nge5 $16) 36... Nd8 $2 {[#]} (36... Bd7 $11) 37. f5 $1 $18 e5 (37... exf5 $16 38. Nxf5+ Kc5) 38. Nf3 Bd7 39. Ne3 (39. Ngxe5 Bxf5 40. g6 Ke6 $11) 39... e4 $2 (39... Be8 40. g6 b6) 40. dxe4 dxe4 41. Nd2 Ke5 {[#]} 42. Ndc4+ $1 Kf4 43. Rh4+ Kxg5 44. Rg4+ (44. Rxe4 Bxf5 45. Re7 Be6 $14) 44... Kh5 $2 (44... Kh6 {keeps fighting.} 45. Nd6 (45. Nxa5 Re8 $16) 45... Rf8) 45. Rxe4 (45. Nd6 $142) 45... g6 46. fxg6 ({Less strong is} 46. Nxa5 gxf5 47. Re7 Bc8 $16) 46... Be6 47. Nxa5 Rxg6 48. Rd4 Rg8 49. Nec4 Bh3 50. Kc3 Kg5 51. Rd3 Kh4 52. Kb4 Bg2 53. Rd7 Kg5 54. Nd6 {Rxd8! is the strong threat.} Kf6 {intending ...Ke6.} 55. Naxb7 Ne6 $2 (55... Rg4+ 56. Ka5 Ne6) 56. Rf7+ {White is clearly winning.} Ke5 57. Nc4+ Ke4 58. Nc5+ Nxc5 59. Kxc5 Rc8+ 60. Kb4 {Hoping for Nd6+.} Kd3 61. Rd7+ {Accuracy: White = 81%, Black = 51%.} 1-0

[Event "Mitropa Cup Open 2019"]
[Site "Radenci"]
[Date "2019.06.03"]
[Round "8.6"]
[White "Markoja, Boris"]
[Black "Kunin, Vitaly"]
[Result "0-1"]
[WhiteElo "2441"]
[BlackElo "2518"]
[Annotator "TA"]
[PlyCount "74"]
[EventDate "2019.05.27"]
[EventType "team-tourn"]
[EventCountry "SLO"]
[SourceTitle "playchess.com"]
[Source "ChessBase"]
[SourceQuality "1"]
[WhiteTeam "SLO"]
[BlackTeam "GER"]
[WhiteTeamCountry "SLO"]

{[%evp 15,74,10,10,15,15,9,18,-1,5,0,0,11,17,13,14,-5,0,0,21,-31,-35,-50,-50,-52,-53,-52,-46,-50,-26,-17,0,0,55,0,0,0,0,0,0,0,0,14,29,-184,-184,-491,-470,-1702,-1764,-1433,-1353,-29985,-29986,-29983,-1621,-1496,-1445,-5489,-5489,-29989,-29990]} 1. d4 d5 2. c4 dxc4 3. e3 a6 4. Nf3 Bg4 5. Bxc4 e6 6. Qb3 Bxf3 7. gxf3 b5 8. Be2 Nd7 9. a4 {D22: Queen's Gambit Accepted: 3 Nf3 a6 4 e3} b4 10. Nd2 (10. e4 Ngf6 11. Be3 c5 12. Nd2 cxd4 13. Bxd4 Be7 14. f4 O-O 15. Rc1 Qb8 16. Qe3 Rc8 {1-0 (30) Stefansson,H (2496)-Gonda,L (2536) Budapest 2013}) 10... Ngf6 11. Nc4 {The position is equal.} c5 12. dxc5 Nxc5 13. Qc2 Be7 14. e4 O-O 15. Bf4 $146 ({Predecessor:} 15. Be3) 15... Nh5 16. Be3 Qb8 17. a5 ({White should try} 17. e5 $1 $11) 17... Nf4 $15 18. Nb6 Ng2+ 19. Kf1 Nxe3+ 20. fxe3 Ra7 21. Kg2 b3 22. Qc3 f5 23. e5 f4 ({Better is} 23... Rc7 $11) 24. e4 (24. Rhc1 $1 $14) 24... Rc7 $11 25. Rac1 Qe8 26. Rhf1 $1 Qh5 27. Bc4 Kh8 28. Bxb3 Rd8 29. Bc4 $2 {[#]} ({But not} 29. Kh1 Qh3 $17) (29. Rcd1 $1 $11 {and White is okay.}) 29... Nd3 $1 $19 {[%cal Rd3c1][%mdl 576] Double Attack, Pin} 30. Ra1 $2 (30. Qxd3 {nothing else works.} Rxd3 31. Bxd3 Qxe5 {[%mdl 64] Double Attack} 32. Rxc7 Qxc7 33. Bxa6) (30. Bxd3 Rxc3) 30... Nxe5 {[%cal Bd3e5,Be5g4,Bg4e3][%mdl 32]} 31. Rad1 {[#]} (31. Kh1 $142 Bf6 32. Qc2) 31... Rxd1 $1 32. Rxd1 {[#]} Ng4 $1 {[%mdl 512]} 33. Rh1 (33. fxg4 Qxg4+) 33... Ne3+ 34. Kf2 Bc5 (34... Qg5 $142 35. Ke2 Qg2+ {[%mdl 64] Double Attack} 36. Kd3 Qxh1 37. Qc2 Nxc4 38. Qxc4 Qxf3+ 39. Kd2 Rxc4 40. Nxc4 Qxe4 41. Kc3 f3 42. Nd2 Bb4+ {[%mdl 64] Double Attack} 43. Kb3 Bxd2 44. Ka3 f2 45. h3 Qb4+ {[%mdl 64] Double Attack} 46. Ka2 Qa4+ 47. Kb1 f1=Q#) 35. Ke2 Bxb6 36. axb6 Rxc4 37. Rd1 Qxh2+ {Accuracy: White = 34%, Black = 70%.} 0-1